000 00615nam a22001577a 4500
003 OSt
005 20150923102517.0
008 150923b xxu||||| |||| 00| 0 eng d
040 _cRUA
082 _aAGR OUK 2010 B045 Or.1
100 _91163
_aOUK, AKHARA.
245 _aeffect of direct seeding mulch based cropping system on soil physical properties (ឥទ្ធិពលនៃប្រព័ន្ធដំាដុះដំណាំគំរបដី ទៅលើលក្ខណៈរូបសាស្រ្តដី)
260 _aPhnom Penh
_bRUA
_c2010
300 _aix, 50p.
_bill.
_c29cm.
942 _2ddc
_cAGR
999 _c1109
_d1109